Podmínky svobody : občanská společnost a její rivalové / Ernest Gellner ; [z němčiny přeložili Jan Richter a Eva Musilová]
Record details
- ISBN: 80-85959-27-5 (váz.) :
- Physical Description: 187 s. ; 21 cm
- Edition: 1. vyd.
- Publisher: Brno : Centrum pro studium demokracie a kultury, 1997
Content descriptions
| General Note: | Poznámky |
| Bibliography, etc. Note: | Obsahuje bibliografické odkazy |
Search for related items by subject
| Subject: | demokracie občanská společnost |
| Genre: | studie |
Available copies
- 1 of 1 copy available at Common Catalog SPOK.
Holds
- 0 current holds with 1 total copy.
Show Only Available Copies
| Location | Call Number / Copy Notes | Barcode | Shelving Location | Status | Due Date |
|---|---|---|---|---|---|
| Jabok Library | Soc-5.3 | 424480028199 | Odborná literatura | Available | - |
| LDR | 02435nam a2200685 a 4500 | ||
|---|---|---|---|
| 001 | 17464 | ||
| 003 | CZ-PrJAB | ||
| 005 | 20130315101937.0 | ||
| 007 | tu | ||
| 008 | 980520s1997 xr e 000 0 cze | ||
| 015 | . | ‡acnb000310586 | |
| 020 | . | ‡a80-85959-27-5 (váz.) : ‡cKč 199,00 | |
| 035 | . | ‡a(CONS)17464 | |
| 035 | . | ‡a(CZ PrSKC)cpk19980310586 | |
| 035 | . | ‡a(OCoLC)40079166 | |
| 040 | . | ‡aABA001 ‡bcze | |
| 041 | 1 | . | ‡acze ‡heng |
| 072 | 7. | ‡a321 ‡xPolitologie ‡2Konspekt ‡915 | |
| 080 | . | ‡a321 | |
| 080 | . | ‡a316.3 | |
| 100 | 1 | . | ‡aGellner, Ernest André, ‡d1925-1995 ‡7jn19981001332 ‡4aut |
| 245 | 1 | 0. | ‡aPodmínky svobody : ‡bobčanská společnost a její rivalové / ‡cErnest Gellner ; [z němčiny přeložili Jan Richter a Eva Musilová] |
| 250 | . | ‡a1. vyd. | |
| 260 | . | ‡aBrno : ‡bCentrum pro studium demokracie a kultury, ‡c1997 | |
| 300 | . | ‡a187 s. ; ‡c21 cm | |
| 500 | . | ‡aPoznámky | |
| 504 | . | ‡aObsahuje bibliografické odkazy | |
| 650 | 0 | 7. | ‡ademokracie ‡7ph117182 ‡2czenas |
| 650 | 0 | 7. | ‡aobčanská společnost ‡7ph123633 ‡2czenas |
| 655 | 7. | ‡astudie ‡7fd133597 ‡2czenas | |
| 700 | 1 | . | ‡aRichter, Jan ‡4trl |
| 700 | 1 | . | ‡aMusilová, Eva, ‡d1925-2009 ‡7jk01082537 ‡4trl |
| 765 | 0 | . | ‡tConditions of liberty: Civil society and its rivals ‡9Česky |
| 910 | . | ‡aABG312 | |
| 901 | . | ‡a17464 ‡b ‡c17464 ‡tbiblio | |